| 000 | 00956cam a2200241 4500 | ||
|---|---|---|---|
| 008 | 000000n2003 000 0 eng u | ||
| 020 | _a0632058986 | ||
| 035 | _a(Sirsi) u121308 | ||
| 041 | _aeng. | ||
| 050 |
_a621.31042 _c18 |
||
| 100 | _aStokes, Geoffrey | ||
| 245 | 2 | _aA practical guide to the Wiring Regulations BS 7671 | |
| 250 | _a3rd ed. | ||
| 260 |
_aOxford _bBlackwell Scence _c2003 |
||
| 300 |
_axxi, 550p. _bill. _c25cm. |
||
| 350 | _a39.50 | ||
| 520 | _aA practical guide to the Wiring Regulations BS 7671: 2001. The text features: worked design examples; tabular material and checklists; detailed coverage of the subjects of inspection, testing, verification, certification and reporting; NICEIC specimen certificates and other forms; and guidance on specialised installations. | ||
| 650 | _aBS 7671: 2001 | ||
| 650 | _aELECTRICAL INSTALLATION | ||
| 650 | _aIEE WIRING REGULATIONS | ||
| 690 | _aBUILT ENVIRONMENT | ||
| 942 | _n0 | ||
| 999 |
_c102650 _d102650 |
||